000 00937nam a2200217 4500
005 20240530110951.0
008 221212s2022 ua hf g b 000 0 ara d
017 _a2021/30740
_bمصر. دار الكتب
020 _a9789773445027
040 _aEG-CaGPL
_cEG-CaGPL
082 0 4 _221
_a915.2
_bأ م
100 0 _aاسلام عاصم عبدالكريم
245 1 0 _aمدن الخليج العربى فى عيون الرحالة الاجانب فى العصر الحديث :
_bالرحلة من مسقط الى البصرة /
_cاعداد اسلام عاصم عبدالكريم
250 _aط.1
260 _aالقاهرة :
_bدار الافاق العربية،
_c2022.
300 _a241 ص. :
_bايض ؛
_c24 سم.
504 _aيشتمل على ارجاعات ببليوجرافية
651 0 7 _2qrmak
_aالخليج العربى
_xوصف ورحلات
942 _2ddc
_cBK
999 _c66993
_d66993